000 00524nam a2200205Ia 4500
003 GCL
008 140319s9999 xx 000 0 eng d
040 _aGCL /
_cGCL
082 0 4 _a708
_bL L
100 1 _aLACLATTE, MICHEL
245 1 0 _aThe Lovre Eurapean Paintings. /
_cLACLATTE, MICHEL
700 1 _aCUZIN, JEAN PIERRE
260 _a[S.N] :
_bSCALA BOOKS ،
_c1990
650 0 4 _aMUSEUMS
650 0 4 _aPARIS
650 0 4 _aFRANCE
650 0 4 _aPAINTING - ILLUSTRATION
650 0 4 _aLOUVER MUSEUME
942 _2ddc
_cBK
999 _c17394
_d17394